000 00866nam a2200229Ii 4500
003 JO-AjNU
008 230605s9999||||xx |||||||||||||| ||und||
017 _a2007/5/1479
020 _a9957-16-336-5
040 _aJO-AjNU
_bara
_erda
_cJO-AjNU
041 _aara
050 1 4 _aKMM49.S47.2009
100 3 _aالسرحان ، عدنان ابراهيم ,
_eauthor
_931210
245 0 0 _aشرح القانون المدني : مصادر الحقوق الشخصية ، الإلتزامات" دراسة مقارنة "
250 _aط1
264 3 1 _aعمان : دار الثقافة ،2009
300 _a570ص
336 _atext
_btxt
_2rdacontent
337 _aunmediated
_bn
_2rdamedia
338 _avolume
_bnc
_2rdacarrier
650 4 _aالقانون المدني -- حقوق شخصية -- أصول المحاكمات -- مصادر الالتزام
_931211
999 _aA12459
_c16027
_d16027